[Event "Elite Hotels Open 2025"]
[Site "Elite Stadshotellet, Växjö, Sweden"]
[Date "2025.02.08"]
[Round "5.8"]
[White "Arman, Deniz"]
[Black "Tabaa, Ghayth"]
[Result "0-1"]
[TimeControl "R1-4: 15 min + 5 sek, R5-8: 90 min + 30 sek"]
[WhiteTitle "FM"]
[WhiteElo "2350"]
[BlackElo "2031"]

1. e4 {[%clk 01:28:13]} {[%emt 00:02:40]} e6 {[%clk 01:30:19]} {[%emt
00:00:49]} 2. d4 {[%clk 01:27:00]} {[%emt 00:01:42]} d5 {[%clk 01:30:42]}
{[%emt 00:00:07]} 3. e5 {[%clk 01:26:55]} {[%emt 00:00:35]} Bd7 {[%clk
01:28:56]} {[%emt 00:02:16]} 4. f4 {[%clk 01:17:25]} {[%emt 00:10:00]} c5
{[%clk 01:27:36]} {[%emt 00:01:51]} 5. Nf3 {[%clk 01:14:26]} {[%emt 00:03:28]}
Nc6 {[%clk 01:23:37]} {[%emt 00:04:29]} 6. c4 {[%clk 00:48:43]} {[%emt
00:26:13]} dxc4 {[%clk 01:15:00]} {[%emt 00:09:08]} 7. Bxc4 {[%clk 00:47:25]}
{[%emt 00:01:47]} Nxd4 {[%clk 01:13:32]} {[%emt 00:01:59]} 8. Nxd4 {[%clk
00:46:14]} {[%emt 00:01:40]} cxd4 {[%clk 01:13:16]} {[%emt 00:00:46]} 9. Qxd4
{[%clk 00:45:33]} {[%emt 00:01:12]} Rc8 {[%clk 01:00:10]} {[%emt 00:13:36]} 10.
Nc3 {[%clk 00:42:42]} {[%emt 00:03:20]} Bc5 {[%clk 00:54:50]} {[%emt 00:05:51]}
11. Qd3 {[%clk 00:37:25]} {[%emt 00:05:46]} Bc6 {[%clk 00:35:32]} {[%emt
00:19:48]} 12. Qe2 {[%clk 00:34:25]} {[%emt 00:03:30]} Ne7 {[%clk 00:23:03]}
{[%emt 00:13:00]} 13. Bd2 {[%clk 00:21:45]} {[%emt 00:13:10]} a6 {[%clk
00:22:26]} {[%emt 00:01:07]} 14. O-O-O {[%clk 00:10:27]} {[%emt 00:11:47]} b5
{[%clk 00:20:09]} {[%emt 00:02:48]} 15. Bb3 {[%clk 00:10:48]} {[%emt 00:00:09]}
Qd4 {[%clk 00:12:11]} {[%emt 00:08:28]} 16. Kb1 {[%clk 00:03:52]} {[%emt
00:07:27]} Qf2 {[%clk 00:09:32]} {[%emt 00:03:08]} 17. Qxf2 {[%emt 00:02:38]}
Bxf2 {[%clk 00:09:54]} {[%emt 00:00:05]} 18. Rhf1 {[%clk 00:02:15]} {[%emt
00:00:02]} Bb6 {[%clk 00:09:31]} {[%emt 00:00:53]} 19. g3 {[%clk 00:02:36]}
{[%emt 00:00:10]} Nf5 {[%clk 00:05:59]} {[%emt 00:04:01]} 20. Bc2 {[%clk
00:02:30]} {[%emt 00:00:36]} O-O {[%clk 00:02:47]} {[%emt 00:03:42]} 21. Bc1
{[%clk 00:02:31]} {[%emt 00:00:29]} Rfd8 {[%clk 00:01:09]} {[%emt 00:02:08]} 22.
Be4 {[%clk 00:01:45]} {[%emt 00:01:15]} b4 {[%clk 00:00:42]} {[%emt 00:00:58]}
23. Rxd8+ {[%clk 00:01:44]} {[%emt 00:00:31]} Bxd8 {[%clk 00:00:53]} {[%emt
00:00:19]} 24. Bxc6 {[%clk 00:02:04]} {[%emt 00:00:10]} bxc3 {[%clk 00:00:38]}
{[%emt 00:00:45]} 25. Bb7 {[%clk 00:01:19]} {[%emt 00:01:14]} Rb8 {[%clk
00:00:34]} {[%emt 00:00:35]} 26. Bxa6 {[%clk 00:01:36]} {[%emt 00:00:13]} cxb2
{[%clk 00:00:39]} {[%emt 00:00:25]} 27. Bxb2 {[%clk 00:01:37]} {[%emt
00:00:29]} Ba5 {[%clk 00:00:35]} {[%emt 00:00:35]} 28. Rf3 {[%clk 00:01:06]}
{[%emt 00:01:00]} Nd4 {[%clk 00:00:36]} {[%emt 00:00:29]} 29. Rd3 {[%clk
00:01:00]} {[%emt 00:00:35]} Nc6 {[%clk 00:00:40]} {[%emt 00:00:26]} 30. a3
{[%clk 00:01:05]} {[%emt 00:00:26]} g5 {[%clk 00:00:45]} {[%emt 00:00:25]} 31.
Ka2 {[%clk 00:00:51]} {[%emt 00:00:44]} gxf4 {[%clk 00:00:32]} {[%emt
00:00:44]} 32. gxf4 {[%clk 00:01:16]} {[%emt 00:00:04]} Bb6 {[%clk 00:00:35]}
{[%emt 00:00:27]} 33. Rg3+ {[%clk 00:00:52]} {[%emt 00:00:54]} Kf8 {[%clk
00:00:56]} {[%emt 00:00:10]} 34. Rh3 {[%clk 00:01:02]} {[%emt 00:00:19]} Kg7
{[%clk 00:00:58]} {[%emt 00:00:29]} 35. Bd3 {[%clk 00:01:16]} {[%emt 00:00:15]}
h6 {[%clk 00:01:16]} {[%emt 00:00:12]} 36. Be4 {[%clk 00:01:10]} {[%emt
00:00:36]} Nd4 {[%clk 00:01:30]} {[%emt 00:00:16]} 37. Rg3+ {[%clk 00:01:07]}
{[%emt 00:00:33]} Kf8 {[%clk 00:01:36]} {[%emt 00:00:22]} 38. a4 {[%clk
00:01:12]} {[%emt 00:00:27]} Bc5 {[%clk 00:00:55]} {[%emt 00:01:11]} 39. Rc3
{[%clk 00:01:36]} {[%emt 00:00:05]} Be7 {[%clk 00:00:35]} {[%emt 00:00:51]} 40.
Rc4 {[%clk 00:01:54]} {[%emt 00:00:13]} Nb3 {[%clk 00:00:36]} {[%emt 00:00:29]}
41. Bc2 {[%clk 00:00:43]} {[%emt 00:01:40]} Na5 {[%clk 00:00:48]} {[%emt
00:00:18]} 42. Rc7 {[%clk 00:00:51]} {[%emt 00:00:22]} Rb7 {[%clk 00:00:32]}
{[%emt 00:00:46]} 43. Rc8+ {[%clk 00:00:40]} {[%emt 00:00:41]} Kg7 {[%clk
00:01:00]} {[%emt 00:00:03]} 44. f5 {[%clk 00:00:38]} {[%emt 00:00:32]} exf5
{[%clk 00:01:09]} {[%emt 00:00:20]} 45. Bxf5 {[%clk 00:01:00]} {[%emt
00:00:08]} Nb3 {[%clk 00:01:10]} {[%emt 00:00:27]} 46. Rc4 {[%clk 00:00:35]}
{[%emt 00:00:56]} h5 {[%clk 00:01:05]} {[%emt 00:00:36]} 47. Be4 {[%clk
00:00:49]} {[%emt 00:00:15]} Rb8 {[%clk 00:01:11]} {[%emt 00:00:23]} 48. Rc7
{[%clk 00:00:43]} {[%emt 00:00:38]} Kf8 {[%clk 00:01:13]} {[%emt 00:00:29]} 49.
Bf3 {[%clk 00:00:44]} {[%emt 00:00:28]} h4 {[%clk 00:00:50]} {[%emt 00:00:54]}
50. Bd5 {[%clk 00:01:06]} {[%emt 00:00:07]} Nd2 {[%clk 00:00:48]} {[%emt
00:00:32]} 51. a5 {[%clk 00:00:56]} {[%emt 00:00:39]} Rb5 {[%clk 00:00:40]}
{[%emt 00:00:40]} 52. Rc8+ {[%clk 00:00:37]} {[%emt 00:00:48]} Kg7 {[%clk
00:01:01]} {[%emt 00:00:09]} 53. e6+ {[%clk 00:01:03]} {[%emt 00:00:05]} f6
{[%clk 00:01:24]} {[%emt 00:00:06]} 54. Bc3 {[%clk 00:00:42]} {[%emt 00:00:51]}
Rxd5 {[%clk 00:01:42]} {[%emt 00:00:12]} 55. a6 {[%clk 00:00:54]} {[%emt
00:00:19]} Ne4 {[%clk 00:01:34]} {[%emt 00:00:37]} 56. Be1 {[%clk 00:00:33]}
{[%emt 00:00:51]} Rd6 {[%clk 00:01:39]} {[%emt 00:00:25]} 57. Ra8 {[%clk
00:00:48]} {[%emt 00:00:15]} Rxe6 {[%clk 00:00:35]} {[%emt 00:01:35]} 58. Kb2
{[%clk 00:00:58]} {[%emt 00:00:19]} Nc5 {[%clk 00:00:50]} {[%emt 00:00:14]} 59.
a7 {[%clk 00:01:23]} {[%emt 00:00:07]} Ra6 {[%clk 00:00:58]} {[%emt 00:00:22]}
60. Bxh4 {[%clk 00:01:24]} {[%emt 00:00:29]} Na4+ {[%clk 00:00:35]} {[%emt
00:00:52]} 61. Kb1 {[%clk 00:00:47]} {[%emt 00:01:07]} Bc5 {[%clk 00:00:49]}
{[%emt 00:00:16]} 62. Kc2 {[%clk 00:00:35]} {[%emt 00:00:42]} Rxa7 {[%clk
00:01:07]} {[%emt 00:00:12]} 63. Rc8 {[%clk 00:00:40]} {[%emt 00:00:25]} Bd4
{[%clk 00:01:17]} {[%emt 00:00:21]} 64. Kb3 {[%clk 00:00:43]} {[%emt 00:00:26]}
Be5 {[%clk 00:01:18]} {[%emt 00:00:30]} 65. Bf2 {[%clk 00:00:49]} {[%emt
00:00:23]} Ra6 {[%clk 00:01:15]} {[%emt 00:00:33]} 66. Rc2 {[%clk 00:01:09]}
{[%emt 00:00:10]} Nc3 {[%clk 00:01:04]} {[%emt 00:00:42]} 67. Be3 {[%clk
00:00:33]} {[%emt 00:01:06]} Nb5 {[%clk 00:00:45]} {[%emt 00:00:48]} 68. Rg2+
{[%clk 00:00:48]} {[%emt 00:00:15]} Kf7 {[%clk 00:01:09]} {[%emt 00:00:07]} 69.
Bc5 {[%clk 00:01:14]} {[%emt 00:00:04]} Nd4+ {[%clk 00:01:09]} {[%emt
00:00:29]} 70. Kb4 {[%clk 00:01:10]} {[%emt 00:00:34]} Bd6 {[%clk 00:00:48]}
{[%emt 00:00:51]} 71. Bxd6 {[%clk 00:00:35]} {[%emt 00:01:06]} Rxd6 {[%clk
00:01:16]} {[%emt 00:00:02]} 72. Kc5 {[%clk 00:01:00]} {[%emt 00:00:05]} Rd7
{[%clk 00:01:25]} {[%emt 00:00:21]} 73. Kc4 {[%clk 00:01:22]} {[%emt 00:00:08]}
Ne6 {[%clk 00:01:41]} {[%emt 00:00:13]} 74. Rf2 {[%clk 00:01:42]} {[%emt
00:00:10]} Kg6 {[%clk 00:01:51]} {[%emt 00:00:20]} 75. Rg2+ {[%clk 00:02:04]}
{[%emt 00:00:08]} Kf5 {[%clk 00:02:06]} {[%emt 00:00:15]} 76. Kc3 {[%clk
00:02:27]} {[%emt 00:00:06]} Nf4 {[%clk 00:02:07]} {[%emt 00:00:29]} 77. Ra2
{[%clk 00:02:52]} {[%emt 00:00:05]} Rd3+ {[%clk 00:01:50]} {[%emt 00:00:48]} 78.
Kc4 {[%clk 00:03:19]} {[%emt 00:00:04]} Rh3 {[%clk 00:02:09]} {[%emt 00:00:09]}
79. Kd4 {[%clk 00:03:46]} {[%emt 00:00:04]} Ne6+ {[%clk 00:02:11]} {[%emt
00:00:28]} 80. Kd5 {[%clk 00:04:11]} {[%emt 00:00:05]} Ng5 {[%clk 00:02:02]}
{[%emt 00:00:39]} 81. Kd6 {[%clk 00:04:05]} {[%emt 00:00:37]} Nf3 {[%clk
00:01:47]} {[%emt 00:00:44]} 82. Rf2 {[%clk 00:04:28]} {[%emt 00:00:07]} Kf4
{[%clk 00:01:51]} {[%emt 00:00:26]} 83. Ra2 {[%clk 00:04:39]} {[%emt 00:00:19]}
f5 {[%clk 00:01:56]} {[%emt 00:00:26]} 84. Ra4+ {[%clk 00:04:37]} {[%emt
00:00:31]} Kg5 {[%clk 00:02:12]} {[%emt 00:00:14]} 85. Ra3 {[%clk 00:04:31]}
{[%emt 00:00:37]} Rh6+ {[%clk 00:02:19]} {[%emt 00:00:22]} 86. Kd5 {[%clk
00:04:58]} {[%emt 00:00:03]} Nxh2 {[%clk 00:02:21]} {[%emt 00:00:28]} 87. Ra8
{[%clk 00:05:18]} {[%emt 00:00:10]} Ng4 {[%clk 00:02:28]} {[%emt 00:00:23]} 88.
Rg8 {[%clk 00:05:29]} {[%emt 00:00:19]} Kf4 {[%clk 00:02:40]} {[%emt 00:00:18]}
89. Ra8 {[%clk 00:05:56]} {[%emt 00:00:04]} Ne3+ {[%clk 00:02:42]} {[%emt
00:00:27]} 90. Kc5 {[%clk 00:06:24]} {[%emt 00:00:02]} Kf3 {[%clk 00:02:46]}
{[%emt 00:00:27]} 91. Kd4 {[%clk 00:06:47]} {[%emt 00:00:07]} Rd6+ {[%clk
00:02:26]} {[%emt 00:00:49]} 92. Ke5 {[%clk 00:07:13]} {[%emt 00:00:04]} Rd5+
{[%clk 00:02:35]} {[%emt 00:00:22]} 93. Ke6 {[%clk 00:07:38]} {[%emt 00:00:04]}
Rb5 {[%clk 00:02:47]} {[%emt 00:00:16]} 94. Rh8 {[%clk 00:07:53]} {[%emt
00:00:18]} f4 {[%clk 00:02:57]} {[%emt 00:00:20]} 95. Rf8 {[%clk 00:07:43]}
{[%emt 00:00:39]} Ke4 {[%clk 00:02:58]} {[%emt 00:00:26]} 0-1

[Event "Elite Hotels Open 2025"]
[Site "Elite Stadshotellet, Växjö, Sweden"]
[Date "2025.02.08"]
[Round "5.9"]
[White "Jacobsen, Mikkel Manosri"]
[Black "Tops, Jonatan"]
[Result "1-0"]
[TimeControl "R1-4: 15 min + 5 sek, R5-8: 90 min + 30 sek"]
[WhiteTitle "FM"]
[WhiteElo "2314"]
[BlackElo "2020"]

1. c4 {[%clk 01:30:57]} {[%emt 00:00:02]} c5 {[%clk 01:30:55]} {[%emt
00:00:07]} 2. g3 {[%clk 01:31:22]} {[%emt 00:00:05]} g6 {[%clk 01:31:19]}
{[%emt 00:00:06]} 3. Bg2 {[%clk 01:31:48]} {[%emt 00:00:03]} Bg7 {[%clk
01:31:42]} {[%emt 00:00:08]} 4. Nc3 {[%clk 01:32:12]} {[%emt 00:00:05]} Nc6
{[%clk 01:32:04]} {[%emt 00:00:08]} 5. a3 {[%clk 01:32:37]} {[%emt 00:00:06]}
d6 {[%clk 01:30:16]} {[%emt 00:02:18]} 6. Rb1 {[%clk 01:31:18]} {[%emt
00:01:48]} Be6 {[%clk 01:27:16]} {[%emt 00:03:31]} 7. d3 {[%clk 01:31:02]}
{[%emt 00:00:46]} Qd7 {[%clk 01:21:14]} {[%emt 00:06:31]} 8. Bd2 {[%clk
01:27:55]} {[%emt 00:03:37]} a5 {[%clk 01:17:50]} {[%emt 00:03:55]} 9. Nd5
{[%clk 01:23:19]} {[%emt 00:05:05]} Bxd5 {[%clk 01:16:01]} {[%emt 00:02:19]} 10.
Bxd5 {[%clk 01:19:46]} {[%emt 00:04:03]} Nf6 {[%clk 01:13:02]} {[%emt
00:03:30]} 11. Bg2 {[%clk 01:20:10]} {[%emt 00:00:05]} a4 {[%clk 01:13:11]}
{[%emt 00:00:22]} 12. Nf3 {[%clk 01:18:02]} {[%emt 00:02:36]} O-O {[%clk
01:10:39]} {[%emt 00:03:04]} 13. O-O {[%clk 01:17:50]} {[%emt 00:00:41]} Na5
{[%clk 01:07:27]} {[%emt 00:03:43]} 14. Bc3 {[%clk 01:13:41]} {[%emt 00:04:37]}
Nb3 {[%clk 01:04:34]} {[%emt 00:03:24]} 15. Nd2 {[%clk 01:13:42]} {[%emt
00:00:28]} Nxd2 {[%clk 01:04:59]} {[%emt 00:00:06]} 16. Qxd2 {[%clk 01:13:45]}
{[%emt 00:00:27]} Rab8 {[%clk 01:05:23]} {[%emt 00:00:06]} 17. b4 {[%clk
01:12:29]} {[%emt 00:01:46]} b5 {[%clk 00:58:35]} {[%emt 00:07:19]} 18. bxc5
{[%clk 01:12:04]} {[%emt 00:00:54]} dxc5 {[%clk 00:58:39]} {[%emt 00:00:27]} 19.
Qc2 {[%clk 01:02:42]} {[%emt 00:09:51]} bxc4 {[%clk 00:53:04]} {[%emt
00:06:06]} 20. dxc4 {[%clk 01:03:05]} {[%emt 00:00:06]} Qa7 {[%clk 00:47:53]}
{[%emt 00:05:42]} 21. Be5 {[%clk 01:00:55]} {[%emt 00:02:38]} Rxb1 {[%clk
00:33:27]} {[%emt 00:14:57]} 22. Rxb1 {[%clk 01:01:23]} {[%emt 00:00:02]} Qa6
{[%clk 00:33:52]} {[%emt 00:00:06]} 23. Rb7 {[%clk 00:54:27]} {[%emt 00:07:24]}
Ng4 {[%clk 00:31:06]} {[%emt 00:03:18]} 24. Bxg7 {[%clk 00:33:15]} {[%emt
00:21:42]} Kxg7 {[%clk 00:31:31]} {[%emt 00:00:05]} 25. Qe4 {[%clk 00:30:44]}
{[%emt 00:03:00]} Nf6 {[%clk 00:29:31]} {[%emt 00:02:31]} 26. Qd3 {[%clk
00:31:08]} {[%emt 00:00:06]} Qa5 {[%clk 00:25:38]} {[%emt 00:04:23]} 27. Rxe7
{[%clk 00:26:56]} {[%emt 00:04:42]} Qe1+ {[%clk 00:24:49]} {[%emt 00:01:18]} 28.
Bf1 {[%clk 00:27:24]} Ng4 {[%clk 00:24:58]} {[%emt 00:00:22]} 29. Qf3 {[%clk
00:27:48]} {[%emt 00:00:06]} Nxh2 {[%clk 00:24:54]} {[%emt 00:00:33]} 30. Kxh2
{[%clk 00:28:14]} {[%emt 00:00:05]} Qxf1 {[%clk 00:25:18]} {[%emt 00:00:07]} 31.
Rc7 {[%clk 00:26:48]} {[%emt 00:01:55]} Qa1 {[%clk 00:09:36]} {[%emt 00:16:13]}
32. Rxc5 {[%clk 00:26:25]} {[%emt 00:00:53]} Qd4 {[%clk 00:06:57]} {[%emt
00:03:08]} 33. Rc7 {[%clk 00:26:36]} {[%emt 00:00:18]} h5 {[%clk 00:05:48]}
{[%emt 00:01:40]} 34. Kg2 {[%clk 00:24:47]} {[%emt 00:02:19]} h4 {[%clk
00:05:03]} {[%emt 00:01:15]} 35. Qf4 {[%clk 00:24:43]} {[%emt 00:00:34]} h3+
{[%clk 00:03:51]} {[%emt 00:01:43]} 36. Kxh3 {[%clk 00:24:51]} {[%emt
00:00:21]} Qa1 {[%clk 00:04:07]} {[%emt 00:00:15]} 37. Kg2 {[%clk 00:24:40]}
{[%emt 00:00:40]} Qxa3 {[%clk 00:04:14]} {[%emt 00:00:23]} 38. e4 {[%clk
00:12:44]} {[%emt 00:12:26]} Qc3 {[%clk 00:04:05]} {[%emt 00:00:40]} 39. e5
{[%clk 00:13:05]} {[%emt 00:00:09]} a3 {[%clk 00:04:01]} {[%emt 00:00:33]} 40.
Ra7 {[%clk 00:12:39]} {[%emt 00:00:56]} Qb2 {[%clk 00:02:46]} {[%emt 00:01:45]}
41. e6 {[%clk 00:07:47]} {[%emt 00:05:22]} Qf6 {[%clk 00:02:57]} {[%emt
00:00:20]} 42. Qxf6+ {[%clk 00:07:57]} {[%emt 00:00:20]} Kxf6 {[%clk 00:03:23]}
{[%emt 00:00:04]} 43. exf7 {[%clk 00:08:17]} {[%emt 00:00:10]} Rxf7 {[%clk
00:03:31]} {[%emt 00:00:22]} 44. Rxa3 {[%clk 00:08:41]} {[%emt 00:00:05]} Ke5
{[%clk 00:03:32]} {[%emt 00:00:29]} 45. Ra5+ {[%clk 00:07:38]} {[%emt
00:01:33]} Kf6 {[%clk 00:02:58]} {[%emt 00:01:04]} 46. Ra1 {[%clk 00:07:51]}
{[%emt 00:00:17]} Rc7 {[%clk 00:03:23]} {[%emt 00:00:06]} 47. Rc1 {[%clk
00:08:16]} {[%emt 00:00:05]} Rc5 {[%clk 00:03:46]} {[%emt 00:00:07]} 48. Kf3
{[%clk 00:08:38]} {[%emt 00:00:06]} Ke5 {[%clk 00:03:55]} {[%emt 00:00:22]} 49.
Ke3 {[%clk 00:08:48]} {[%emt 00:00:19]} g5 {[%clk 00:04:21]} {[%emt 00:00:04]}
50. g4 {[%clk 00:09:04]} {[%emt 00:00:15]} Rc8 {[%clk 00:04:38]} {[%emt
00:00:14]} 51. c5 {[%clk 00:09:29]} {[%emt 00:00:04]} Kd5 {[%clk 00:04:55]}
{[%emt 00:00:13]} 52. c6 {[%clk 00:09:55]} {[%emt 00:00:04]} Kd6 {[%clk
00:03:54]} {[%emt 00:01:31]} 53. c7 {[%clk 00:10:20]} {[%emt 00:00:06]} 1-0

[Event "Elite Hotels Open 2025"]
[Site "Elite Stadshotellet, Växjö, Sweden"]
[Date "2025.02.08"]
[Round "5.10"]
[White "Alexandersson, Niklas"]
[Black "Grahn, Vidar"]
[Result "1-0"]
[TimeControl "R1-4: 15 min + 5 sek, R5-8: 90 min + 30 sek"]
[BlackTitle "FM"]
[WhiteElo "2024"]
[BlackElo "2252"]

1. d4 {[%clk 01:30:57]} {[%emt 00:00:02]} Nf6 {[%clk 01:30:44]} {[%emt
00:00:16]} 2. Nf3 {[%clk 01:30:37]} {[%emt 00:00:50]} d5 {[%clk 01:31:10]}
{[%emt 00:00:05]} 3. e3 {[%clk 01:30:32]} {[%emt 00:00:35]} c5 {[%clk
01:31:35]} {[%emt 00:00:06]} 4. b3 {[%clk 01:30:47]} {[%emt 00:00:14]} cxd4
{[%clk 01:31:52]} {[%emt 00:00:12]} 5. exd4 {[%clk 01:31:08]} {[%emt 00:00:09]}
Nc6 {[%clk 01:32:19]} {[%emt 00:00:04]} 6. Bb2 {[%clk 01:30:07]} {[%emt
00:01:31]} Bg4 {[%clk 01:32:22]} {[%emt 00:00:27]} 7. a3 {[%clk 01:29:12]}
{[%emt 00:01:25]} e6 {[%clk 01:31:39]} {[%emt 00:01:12]} 8. Be2 {[%clk
01:28:31]} {[%emt 00:01:11]} Bd6 {[%clk 01:31:32]} {[%emt 00:00:38]} 9. Ne5
{[%clk 01:27:40]} {[%emt 00:01:21]} Bxe2 {[%clk 01:31:46]} {[%emt 00:00:15]} 10.
Qxe2 {[%clk 01:27:59]} {[%emt 00:00:11]} O-O {[%clk 01:31:29]} {[%emt
00:00:47]} 11. O-O {[%clk 01:28:02]} {[%emt 00:00:28]} Qb6 {[%clk 01:31:34]}
{[%emt 00:00:25]} 12. Qd3 {[%clk 01:23:25]} {[%emt 00:05:04]} Rfc8 {[%clk
01:27:00]} {[%emt 00:05:05]} 13. Nd2 {[%clk 01:23:12]} {[%emt 00:00:43]} a5
{[%clk 01:24:01]} {[%emt 00:03:31]} 14. c4 {[%clk 01:11:59]} {[%emt 00:11:43]}
dxc4 {[%clk 01:19:13]} {[%emt 00:05:18]} 15. Nexc4 {[%clk 01:02:09]} {[%emt
00:10:19]} Qc7 {[%clk 01:18:13]} {[%emt 00:01:30]} 16. Nxd6 {[%clk 01:00:55]}
{[%emt 00:01:44]} Qxd6 {[%clk 01:18:40]} {[%emt 00:00:03]} 17. Ne4 {[%clk
00:54:39]} {[%emt 00:06:47]} Nxe4 {[%clk 01:18:32]} {[%emt 00:00:38]} 18. Qxe4
{[%clk 00:55:01]} {[%emt 00:00:07]} Rd8 {[%clk 01:18:04]} {[%emt 00:00:59]} 19.
Kh1 {[%clk 00:52:43]} {[%emt 00:02:47]} Qd5 {[%clk 01:17:05]} {[%emt 00:01:29]}
20. Qe3 {[%clk 00:50:00]} {[%emt 00:03:13]} Nxd4 {[%clk 01:12:08]} {[%emt
00:05:28]} 21. Rad1 {[%clk 00:49:34]} {[%emt 00:00:54]} e5 {[%clk 01:11:45]}
{[%emt 00:00:55]} 22. Rfe1 {[%clk 00:48:33]} {[%emt 00:01:30]} f6 {[%clk
01:09:03]} {[%emt 00:03:12]} 23. f4 {[%clk 00:48:11]} {[%emt 00:00:52]} Nc2
{[%clk 01:07:05]} {[%emt 00:02:28]} 24. Rxd5 {[%clk 00:45:51]} {[%emt
00:02:49]} Nxe3 {[%clk 01:07:32]} {[%emt 00:00:06]} 25. Rxd8+ {[%clk 00:45:57]}
{[%emt 00:00:23]} Rxd8 {[%clk 01:07:54]} {[%emt 00:00:07]} 26. fxe5 {[%clk
00:46:20]} {[%emt 00:00:07]} fxe5 {[%clk 01:06:25]} {[%emt 00:01:59]} 27. Bxe5
{[%clk 00:46:29]} {[%emt 00:00:20]} Rd3 {[%clk 01:04:16]} {[%emt 00:02:40]} 28.
b4 {[%clk 00:43:02]} {[%emt 00:03:58]} a4 {[%clk 01:03:30]} {[%emt 00:01:16]}
29. Rc1 {[%clk 00:41:42]} {[%emt 00:01:50]} Nc4 {[%clk 01:03:13]} {[%emt
00:00:47]} 30. Ba1 {[%clk 00:38:33]} {[%emt 00:03:29]} b5 {[%clk 01:01:47]}
{[%emt 00:02:04]} 31. h3 {[%clk 00:38:24]} {[%emt 00:00:23]} Rxa3 {[%clk
01:01:34]} {[%emt 00:01:00]} 32. Rd1 {[%clk 00:38:13]} {[%emt 00:00:41]} Re3
{[%clk 01:01:27]} {[%emt 00:00:37]} 33. Bd4 {[%clk 00:37:01]} {[%emt 00:01:42]}
Re4 {[%clk 00:59:54]} {[%emt 00:02:03]} 34. Bc5 {[%clk 00:36:47]} {[%emt
00:00:44]} a3 {[%clk 01:00:03]} {[%emt 00:00:22]} 35. Rf1 {[%clk 00:36:56]}
{[%emt 00:00:21]} h6 {[%clk 01:00:20]} {[%emt 00:00:13]} 36. Rf8+ {[%clk
00:36:04]} {[%emt 00:01:22]} Kh7 {[%clk 01:00:45]} {[%emt 00:00:04]} 37. Ra8
{[%clk 00:36:00]} {[%emt 00:00:31]} Re2 {[%clk 00:58:57]} {[%emt 00:02:21]} 38.
Ra7 {[%clk 00:35:58]} {[%emt 00:00:32]} Kg6 {[%clk 00:55:36]} {[%emt 00:03:51]}
39. Bd4 {[%clk 00:35:46]} {[%emt 00:00:41]} Rb2 {[%clk 00:53:57]} {[%emt
00:02:10]} 40. g4 {[%clk 00:34:08]} {[%emt 00:02:08]} Kg5 {[%clk 00:54:04]}
{[%emt 00:00:23]} 41. Bxg7 {[%clk 00:31:06]} {[%emt 00:03:32]} Rxb4 {[%clk
00:52:21]} {[%emt 00:02:12]} 42. Kh2 {[%clk 00:31:31]} {[%emt 00:00:05]} Kg6
{[%clk 00:50:36]} {[%emt 00:02:15]} 43. Bc3 {[%clk 00:29:47]} {[%emt 00:02:10]}
Rb2+ {[%clk 00:50:32]} {[%emt 00:00:40]} 44. Kg3 {[%clk 00:29:45]} {[%emt
00:00:25]} h5 {[%clk 00:48:14]} {[%emt 00:02:54]} 45. Rg7+ {[%clk 00:30:00]}
{[%emt 00:00:13]} Kh6 {[%clk 00:48:43]} {[%emt 00:00:04]} 46. g5# {[%clk
00:30:13]} {[%emt 00:00:16]} 1-0